All World Flags on Seterra - Statistics

General Stats
  • This quiz has been taken 915 times
    912 since last reset
  • The average score is 84 of 317
Answer Stats
Picture Answer % Correct
Canada
98%
Cyprus
66%
Iraq
63%
Mali
59%
Panama
46%
United Kingdom
46%
Russia
45%
Palestine
43%
South Africa
43%
Spain
43%
Croatia
42%
Brazil
41%
Turkey
41%
Uganda
41%
Germany
40%
Hungary
40%
Iceland
40%
North Macedonia
40%
Qatar
40%
Switzerland
40%
Armenia
39%
Brunei
39%
France
39%
Israel
39%
Norway
39%
Portugal
39%
United States
39%
Uruguay
39%
Albania
38%
Finland
38%
Jamaica
38%
Slovenia
38%
Sweden
38%
Tanzania
38%
India
37%
Ivory Coast
37%
Japan
37%
Nepal
37%
Palau
37%
South Korea
37%
Ukraine
37%
Vatican City
37%
Vietnam
37%
Argentina
36%
Aruba
36%
Australia
36%
Bulgaria
36%
China
36%
Czechia
36%
Ghana
36%
Italy
36%
Kazakhstan
36%
North Korea
36%
Oman
36%
Philippines
36%
Scotland
36%
Sri Lanka
36%
Thailand
36%
Tunisia
36%
United Arab Emirates
36%
Afghanistan (before Aug. 2021)
35%
Belarus
35%
Denmark
35%
Djibouti
35%
Estonia
35%
Greece
35%
Ireland
35%
Lebanon
35%
Mexico
35%
Morocco
35%
Netherlands
35%
New Zealand
35%
Poland
35%
Saudi Arabia
35%
Senegal
35%
Singapore
35%
Bangladesh
34%
Belgium
34%
Chile
34%
Dominican Republic
34%
Ecuador
34%
Egypt
34%
England
34%
Eswatini
34%
Georgia
34%
Greenland
34%
Honduras
34%
Iran
34%
Kenya
34%
Romania
34%
Turkmenistan
34%
Venezuela
34%
Barbados
33%
Bhutan
33%
Bosnia and Herzegovina
33%
Chad
33%
Colombia
33%
East Timor
33%
Indonesia
33%
Kosovo
33%
Latvia
33%
Luxembourg
33%
Malawi
33%
Malaysia
33%
Mauritania
33%
Nigeria
33%
Pakistan
33%
Serbia
33%
Slovakia
33%
Somalia
33%
Burkina Faso
32%
Cambodia
32%
Cameroon
32%
Guatemala
32%
Mongolia
32%
Taiwan
32%
Tonga
32%
Wales
32%
Austria
31%
Bahamas
31%
Bahrain
31%
Central African Republic
31%
Cuba
31%
Democratic Republic of the Congo
31%
Eritrea
31%
Fiji
31%
Hong Kong
31%
Laos
31%
Liechtenstein
31%
Maldives
31%
Malta
31%
Niger
31%
Puerto Rico
31%
Saint Kitts and Nevis
31%
San Marino
31%
Seychelles
31%
Somaliland
31%
Andorra
30%
Angola
30%
Bolivia
30%
Ethiopia
30%
Faroe Islands
30%
Kyrgyzstan
30%
Liberia
30%
Monaco
30%
Montenegro
30%
Nauru
30%
Paraguay
30%
Rwanda
30%
Samoa
30%
Suriname
30%
Syria
30%
Botswana
29%
Costa Rica
29%
Jordan
29%
Kuwait
29%
Lithuania
29%
Moldova
29%
Peru
29%
Saint Lucia
29%
Sierra Leone
29%
Solomon Islands
29%
Yemen
29%
Zambia
29%
Azerbaijan
28%
El Salvador
28%
Haiti
28%
Lesotho
28%
Libya
28%
Madagascar
28%
Myanmar
28%
Nicaragua
28%
Papua New Guinea
28%
Uzbekistan
28%
Zimbabwe
28%
Afghanistan (Taliban)
27%
Cape Verde
27%
Dominica
27%
Federated States of Micronesia
27%
Guyana
27%
Montserrat
27%
Mozambique
27%
Republic of the Congo
27%
South Sudan
27%
Sudan
27%
Tajikistan
27%
Belize
26%
Burundi
26%
Equatorial Guinea
26%
Gabon
26%
Grenada
26%
Guam
26%
Kiribati
26%
Mayotte
26%
Northern Cyprus
26%
Saint Vincent and the Grenadines
26%
Sao Tome and Principe
26%
Togo
26%
Trinidad and Tobago
26%
Vanuatu
26%
Antigua and Barbuda
25%
Benin
25%
Gambia
25%
Gibraltar
25%
Isle of Man
25%
Marshall Islands
25%
Namibia
25%
Comoros
24%
Mauritius
24%
Tuvalu
24%
Guinea
23%
Guinea-Bissau
23%
Macau
23%
US Virgin Islands
22%
Alaska
21%
British Virgin Islands
21%
Jersey
21%
Norfolk Island
21%
Wake Island
21%
American Samoa
20%
British Indian Ocean Territory
20%
Christmas Island
20%
Guernsey
20%
Kurdistan
20%
Northern Ireland
20%
Quebec
20%
Tokelau
20%
Turks and Caicos Islands
20%
Cook Islands
19%
Johnston Atoll
19%
Niue
19%
Western Sahara
19%
Corsica
18%
Easter Island
18%
Hawaii
18%
New Caledonia
18%
Tibet
18%
Bermuda
17%
Ceuta
17%
Cocos Islands
17%
South Ossetia
17%
Transnistria
17%
Abkhazia
16%
Aland Islands
16%
Artsakh
16%
Catalonia
16%
Curacao
16%
Falkland Islands
16%
French Polynesia
16%
Northern Mariana Islands
16%
Reunion
16%
Sardinia
16%
Sicily
16%
Sint Maarten
16%
Anguilla
15%
Antarctica
15%
Azores
15%
Basque
15%
French Guiana
15%
Bonaire
14%
Cayman Islands
14%
Flanders
14%
French Southern and Antarctic Lands
14%
Guadeloupe
14%
Wallis and Futuna
14%
Wallonia
14%
British Antarctic Territory
13%
Canary Islands
13%
Mallorca
13%
Pitcairn Islands
13%
Saba
13%
Saint Helena
13%
Saint Pierre and Miquelon
13%
South Georgia and the South Sandwich Islands
13%
Ascension Island
12%
Crimea
12%
District of Columbia
12%
Tristan da Cunha
12%
Bougainville
11%
Chechnya
11%
Darfur
11%
Sint Eustatius
11%
Tasmania
11%
Bali
10%
Jarvis Island
10%
Martinique
10%
Saint Barthelemy
10%
Barotseland
9%
Kingman Reef
9%
Lord Howe Island
9%
Madeira
9%
Sami
9%
West Papua
9%
Alderney
8%
Galapagos Islands
8%
Midway Atoll
8%
Prince Edward Island
8%
Shetland Islands
8%
Ibiza
7%
Juan Fernandez Islands
7%
Melilla
7%
Minorca
7%
Orkney Islands
7%
Sark
7%
Scania
7%
Formentera
6%
Gran Canaria
6%
Kaliningrad
6%
Lanzarote
6%
Navassa Island
6%
Palmyra Atoll
6%
Tenerife
6%
El Hierro
5%
Fuerteventura
5%
Herm
5%
La Gomera
5%
La Palma
5%
No matching quizzes found
Score Distribution
Percent of People with Each Score
Percentile by Number Answered
Your Score History
You have not taken this quiz since the last reset